<?xml version="1.0" encoding="UTF-8"?>
<record
    xmlns:xsi="http://www.w3.org/2001/XMLSchema-instance"
    xsi:schemaLocation="http://www.loc.gov/MARC21/slim http://www.loc.gov/standards/marcxml/schema/MARC21slim.xsd"
    xmlns="http://www.loc.gov/MARC21/slim">

  <leader>     nam a22        4500</leader>
  <datafield tag="999" ind1=" " ind2=" ">
    <subfield code="c">143275</subfield>
    <subfield code="d">143273</subfield>
  </datafield>
  <controlfield tag="005">20180813102842.0</controlfield>
  <controlfield tag="008">180813b         cs||||| |||| 00| 0 fre d</controlfield>
  <datafield tag="050" ind1="0" ind2="4">
    <subfield code="a">DB215</subfield>
    <subfield code="b">M67 1938</subfield>
  </datafield>
  <datafield tag="100" ind1="1" ind2=" ">
    <subfield code="a">Moravec, Emmanuel</subfield>
    <subfield code="d">1893-1945</subfield>
  </datafield>
  <datafield tag="245" ind1="1" ind2="3">
    <subfield code="a">La Valeur strat&#xE9;gique de la Tch&#xE9;coslovaquie pour L&#xB4;Europe Occidentale /</subfield>
    <subfield code="c">Le Colonel Emmanuel Moravec,</subfield>
  </datafield>
  <datafield tag="250" ind1=" " ind2=" ">
    <subfield code="a">1a ed.</subfield>
  </datafield>
  <datafield tag="260" ind1=" " ind2=" ">
    <subfield code="a">Prague :</subfield>
    <subfield code="b">Orbis,</subfield>
    <subfield code="c">1938</subfield>
  </datafield>
  <datafield tag="300" ind1=" " ind2=" ">
    <subfield code="a">88 p. :</subfield>
    <subfield code="b">maps. ;</subfield>
    <subfield code="c">19 cm</subfield>
  </datafield>
  <datafield tag="651" ind1=" " ind2="7">
    <subfield code="2">LEMB</subfield>
    <subfield code="a">Checoslovaquia</subfield>
    <subfield code="x">Historia</subfield>
  </datafield>
  <datafield tag="651" ind1=" " ind2="7">
    <subfield code="2">LEMB</subfield>
    <subfield code="a">Europa</subfield>
    <subfield code="x">Pol&#xED;tica y gobierno</subfield>
    <subfield code="y">1918-1945</subfield>
  </datafield>
  <datafield tag="942" ind1=" " ind2=" ">
    <subfield code="2">lcc</subfield>
    <subfield code="c">LIB</subfield>
  </datafield>
  <datafield tag="952" ind1=" " ind2=" ">
    <subfield code="1">0</subfield>
    <subfield code="2">lcc</subfield>
    <subfield code="4">0</subfield>
    <subfield code="7">0</subfield>
    <subfield code="a">INV-033</subfield>
    <subfield code="b">INV-033</subfield>
    <subfield code="c">FBCEM</subfield>
    <subfield code="d">2018-08-13</subfield>
    <subfield code="e">DON</subfield>
    <subfield code="f">1a ed.</subfield>
    <subfield code="i">H</subfield>
    <subfield code="k">CSA</subfield>
    <subfield code="o">DB215 M67 1938</subfield>
    <subfield code="p">IIH000023046</subfield>
    <subfield code="r">2018-08-13 00:00:00</subfield>
    <subfield code="t">C: 1</subfield>
    <subfield code="y">LIB</subfield>
  </datafield>
</record>
